1912 1747 1100 1739 1845 1879 1970 1497 1175 1801 1625 1953 1064 1471 1208 1751 1612 1376 1691 1432 1062 1083 1519 1982 1816 1991 1601 1127 1626 1448 1609 1954 1697 1934 1446 1924 1675 1540 1589 1888 1304 1845 1821 1570 1570 1280 1218 1400 1564 1303 1698 1518 1235 1567 1580 1228 1333 1790 1045 1600 1378 1795 1114 1512 1527 1689 1043 1598 1264 1102 1619 1729 1404 1105 1879 1065 1586 1854 1054 1380 1181 1808 1275 1502 1571 1384 1936 1141 1632 1790 1953 1767 1716 1240 1986 1351 1689 1390 1565 BCNSPRNW ULIB Ver.6.0+V

เปลี่ยนเป็นภาษาไทย

Change to English
 แสดงรายละเอียดบรรณานุกรม
  กลับหน้าหลัก

Brief Record : Get Marc (ISO 2709) : E-mail record : QR code < ปิดหน้าต่าง
LEADER : 00000nam 2200000uu 4500
001    13399124284
003     ULIB
008    150217s2557||||th 000 0 tha d
020    ^a9789740333012
060  4 ^aWA20.5^bก725ก
100 0  ^aกุลวดี โรจน์ไพศาลกิจ
245 10 ^aการวิจัยบริการทางสุขภาพ. /^cกุลวดี โรจน์ไพศาลกิจ
250    ^aพิมพ์ครั้งที่ 1
260    ^aกรุงเทพฯ :^bสำนักพิมพ์แห่งจุฬาลงกรณ์มหาวิทยาลัย,^c2557
300    ^a332 หน้า;^c26 ซม.
650  7 ^aบริการทางสุขภาพ^xวิจัย
650  7 ^aวิจัย
945    ^p480^l0^i22846
945    ^p480^l0^i22847
999    ^aทศพร เกษรทอง
รายการนี้ยังไม่มีแท็ก
คุณยังไม่ได้ล็อกอิน คุณสามารถมีกิจกรรมร่วมกับเว็บไซต์ได้ แต่ต้องล็อกอินก่อน ::
  ล็อกอิน

รายการสื่อสารสนเทศ

ลำดับที่ ประเภท เลขเรียก/บาร์โค้ด สถานที่ สถานะ
1. วิทยาศาสตร์การแพทย์ และสุขภาพ
วิทยาศาสตร์การแพทย์ และสุขภาพ
สถานะ=หนังสือเก่า
WA20.5 ก725ก ฉ.1 
  Barcode: 22846
ห้องสมุดวิทยาเขตนครสวรรค์
►ส่วนจัดเก็บหนังสือเก่า นว.
บนชั้น
  ขอยืม
2. วิทยาศาสตร์การแพทย์ และสุขภาพ
วิทยาศาสตร์การแพทย์ และสุขภาพ
สถานะ=หนังสือเก่า
WA20.5 ก725ก ฉ.2 
  Barcode: 22847
ห้องสมุดวิทยาเขตนครสวรรค์
►ส่วนจัดเก็บหนังสือเก่า นว.
บนชั้น
  ขอยืม

รายการใกล้เคียง
    ผู้แต่ง [กุลวดี โรจน์ไพศาลกิจ]

    หัวเรื่อง [วิจัย]

BibComment


ยังไม่เคยถูกคอมเมนท์

คอมเมนท์ทรัพยากรรายการนี้
  คอมเมนท์: การวิจัยบริการทา..


 Copyright 2026. Bcnsprnw @Library